Holy Cities of the World Religions - Statistics

General Stats
  • This quiz has been taken 256 times
  • The average score is 7 of 25
Answer Stats
Religion Country Hint Answer % Correct
Judaism/Islam/Christianity Israel City of the Western Wall, the Al-Aqsa Mosque and the Church of the Holy Sepulchre Jerusalem
99%
Islam Saudi Arabia City of the Kaaba, home town of Prophet Muhammed Mecca
97%
Islam Saudi Arabia Burial place of Prophet Muhammed Medina
91%
Christianity Italy Home of the Papacy and the Vatican Rome
91%
Christianity Turkey Traditional center of Orthodox Christianity Istanbul
69%
Christianity Spain Pilgrimage destination to the remains of St James Santiago de Compostela
34%
Bahai Israel City of the shrine and burial place of the Báb Haifa
33%
Hinduism/Buddhism India City at the Ganges, where Buddhism was founded and Shiva is worshipped Varanasi
31%
Sikhism India City of the Golden Temple (Harmandir Sahib) Amritsar
21%
Christianity Ethiopia The Ark of Covenant might be in this ancient city Aksum
16%
Judaism Israel Burial place of Abraham and Isaac, David was crowned there Hebron
16%
Islam (Schia) Iraq Burial place of Imam Alī ibn Abī Tālib Najaf
14%
Hinduism India Birthplace of Rama Ayodhya
11%
Buddhism Nepal Birthplace of Gautama Buddha Lumbini
11%
Hinduism India Capital city for Krishna Dwarka
8%
Buddhism India Gautama Buddha recieved Enlightenment there Bodhgaya
7%
Judaism Israel Capital for King Herodes at the Sea of Galilee Tiberias
7%
Zoroastrism Iran Contains an importand fire temple, which flames burn since 470 AD Yazd
7%
Hinduism India Birthplace of Krishna Mathura
6%
Bahai Israel City of the Mansion of Bahjí, where Bahá'u'lláh died Acre
5%
Hinduism India A Kumbha Mela takes place in this city at a headwater plateau of the Ganges River Haridwar
4%
Judaism Israel Spiritual centre of the Kabbala Safed
4%
Hinduism India City in Madhya Pradesh with a big Kumbha Mela Ujjain
3%
Buddhism India Gautama Buddha died there Kushinagar
2%
Hinduism India Holy city in southern India with a big temple for Shiva Kanchipuram
1%
No matching quizzes found
Score Distribution
Percent of People with Each Score
Percentile by Number Answered
Your Score History
You have not taken this quiz